[Event "21st Delhi Open 2025"]
[Site "New Delhi IND"]
[Date "2025.06.11"]
[Round "7.13"]
[White "Sanikidze, Tornike"]
[Black "Advik Amit Agrawal"]
[Result "0-1"]
[WhiteTitle "GM"]
[WhiteElo "2425"]
[BlackElo "2218"]
[WhiteFideId "13602608"]
[BlackFideId "48753629"]
[EventDate "2025.06.07"]

1. Nf3 d5 2. g3 Nf6 3. Bg2 g6 4. c4 c6 5. b3 Bg7 6. Bb2 O-O 7. d3 Nbd7 8. O-O
Re8 9. d4 Ne4 10. Nbd2 Ndf6 11. Ne5 Qa5 12. Ndf3 dxc4 13. bxc4 c5 14. e3 Qc7 15.
Qa4 Be6 16. d5 b5 17. Qxb5 Reb8 18. dxe6 Rxb5 19. exf7+ Kf8 20. cxb5 Rb8 21. a4
Ng4 22. Nc4 Bxb2 23. Nxb2 Nh6 24. Nc4 Nxf7 25. Rfd1 Ned6 26. Rac1 Nxc4 27. Rxc4
Rd8 28. Nd4 Rd6 29. Rdc1 Qa5 30. Nc6 Qd2 31. R4c2 Qd3 32. Rc3 Qd2 33. R3c2 Qd3
34. Nxa7 Qa3 35. Nc8 Rd2 36. Bf1 Ne5 37. Rxc5 Qb2 38. Bg2 Nd3 39. R1c4 Nxc5 40.
Rxc5 Rxf2 41. Be4 Qe2 0-1

[Event "21st Delhi Open 2025"]
[Site "New Delhi IND"]
[Date "2025.06.11"]
[Round "7.14"]
[White "Alok, Sinha"]
[Black "Deepan, Chakkravarthy J."]
[Result "1/2-1/2"]
[BlackTitle "GM"]
[WhiteElo "2207"]
[BlackElo "2410"]
[WhiteFideId "25072765"]
[BlackFideId "5011132"]
[EventDate "2025.06.07"]

1. e4 c5 2. Nf3 d6 3. d4 cxd4 4. Nxd4 Nf6 5. Nc3 a6 6. h3 e5 7. Nb3 Be7 8. Be3
Be6 9. Qf3 Nbd7 10. g4 h6 11. O-O-O Rc8 12. Nd5 Bxd5 13. exd5 Qc7 14. Qe2 Nb6
15. Bxb6 Qxb6 16. Kb1 Qb4 17. Rg1 Nd7 18. Bg2 O-O 19. Be4 Rc7 20. g5 hxg5 21.
Rg4 Qb6 22. Bf5 g6 23. Rdg1 Kg7 24. h4 Nc5 25. hxg5 gxf5 26. Rh4 Rg8 27. Rh7+
Kf8 28. Qh5 Bf6 29. g6 fxg6 30. Qh6+ Bg7 31. Qxg6 Rf7 32. Rg5 Ne4 33. Rxf5 Nf6
34. a3 Qd8 35. f4 Qe7 36. fxe5 Nxh7 37. Nd4 Ke8 38. exd6 Qe1+ 39. Ka2 Rf8 40.
d7+ Kxd7 41. Rxf7+ Rxf7 42. Qxf7+ Qe7 43. Qf5+ Kd6 44. Qg6+ Kxd5 45. Nf5 Qf6 46.
Qxg7 Qxf5 47. Qxb7+ Ke5 48. c4 Qg6 49. Qd5+ Kf4 50. c5 Ng5 51. Qd6+ Qxd6 52.
cxd6 Ke5 53. d7 Ne6 54. Kb3 Kd6 55. Kb4 Kxd7 56. Ka5 Nc7 57. Kb6 Kc8 1/2-1/2

[Event "21st Delhi Open 2025"]
[Site "New Delhi IND"]
[Date "2025.06.11"]
[Round "7.15"]
[White "Davtyan, Arsen"]
[Black "Ahaz E U"]
[Result "0-1"]
[WhiteTitle "IM"]
[WhiteElo "2402"]
[BlackElo "2178"]
[WhiteFideId "13309315"]
[BlackFideId "33452911"]
[EventDate "2025.06.07"]

1. e4 c6 2. d4 d5 3. e5 Bf5 4. Nf3 e6 5. Be2 c5 6. Be3 Qb6 7. Nc3 Nc6 8. O-O
Qxb2 9. Nb5 c4 10. Nc7+ Kd7 11. Nxa8 Bxc2 12. Qc1 Ba3 13. Bg5 Nge7 14. Bxe7 Nxe7
15. Qf4 Rxa8 16. Ng5 Nf5 17. Nf3 h6 18. h4 b5 19. g4 Ne7 20. h5 Rf8 21. Qe3 Nc6
22. Kh2 Be4 23. Nd2 Bh7 24. Rac1 Bb4 25. Nb3 Qxa2 26. Nc5+ Bxc5 27. dxc5 Qb2 28.
Kg1 Qxe5 29. Qd2 Qd4 30. Qa2 Qxc5 31. Rfd1 Kc7 32. Qd2 a5 33. g5 Bf5 34. Qf4+
Qd6 35. Qh4 Qe5 36. Bf3 hxg5 37. Qxg5 Bd3 38. Qh4 Kb6 39. Re1 Nd4 40. Bg2 Ne2+
41. Rxe2 Bxe2 42. Qe7 Rc8 43. Qxf7 Qf6 0-1

[Event "21st Delhi Open 2025"]
[Site "New Delhi IND"]
[Date "2025.06.11"]
[Round "7.16"]
[White "Harsh, Suresh"]
[Black "Sharma, Dinesh K."]
[Result "1/2-1/2"]
[WhiteTitle "IM"]
[BlackTitle "IM"]
[WhiteElo "2392"]
[BlackElo "2171"]
[WhiteFideId "45018464"]
[BlackFideId "5004110"]
[EventDate "2025.06.07"]

1. e4 e6 2. d4 d5 3. Nc3 Bb4 4. e5 c5 5. a3 Bxc3+ 6. bxc3 Ne7 7. a4 Qc7 8. Nf3
b6 9. Bb5+ Bd7 10. Bd3 Nbc6 11. Qd2 h6 12. O-O c4 13. Be2 O-O-O 14. Ba3 Rde8 15.
Rfb1 Na5 16. Bd6 Qd8 17. Qf4 Nf5 18. Bb4 Bc6 19. h4 Reg8 20. h5 g6 21. Nh2 Qg5
22. Qxg5 hxg5 23. hxg6 Rxg6 24. Ng4 Nh6 25. Nf6 Nf5 26. Ng4 Nh6 27. Nf6 Ng8 28.
Ng4 Nh6 1/2-1/2

[Event "21st Delhi Open 2025"]
[Site "New Delhi IND"]
[Date "2025.06.12"]
[Round "8.1"]
[White "Petrosyan, Manuel"]
[Black "Gupta, Abhijeet"]
[Result "1/2-1/2"]
[WhiteTitle "GM"]
[BlackTitle "GM"]
[WhiteElo "2541"]
[BlackElo "2538"]
[WhiteFideId "13300857"]
[BlackFideId "5010608"]
[EventDate "2025.06.07"]

1. d4 Nf6 2. Bg5 d5 3. e3 e6 4. c4 Be7 5. Nc3 h6 6. Bh4 O-O 7. Rc1 c6 8. Nf3
Nbd7 9. a3 Ne4 10. Bxe7 Qxe7 11. Qc2 Nxc3 12. Qxc3 dxc4 13. Bxc4 b6 14. Be2 Bb7
15. O-O Rfc8 16. b4 a5 17. Rfd1 axb4 18. axb4 c5 19. dxc5 bxc5 20. bxc5 Nxc5 21.
Qe5 Nd7 22. Rxc8+ Rxc8 23. Qd6 Qxd6 24. Rxd6 Rc1+ 25. Rd1 Rxd1+ 26. Bxd1 Bxf3
27. Bxf3 Ne5 28. Be2 Nd7 29. Bf3 Ne5 30. Be2 Nd7 31. Bf3 1/2-1/2

[Event "21st Delhi Open 2025"]
[Site "New Delhi IND"]
[Date "2025.06.12"]
[Round "8.2"]
[White "Narayanan, S.L."]
[Black "Neelash, Saha"]
[Result "1/2-1/2"]
[WhiteTitle "GM"]
[BlackTitle "IM"]
[WhiteElo "2600"]
[BlackElo "2456"]
[WhiteFideId "5058422"]
[BlackFideId "5094160"]
[EventDate "2025.06.07"]

1. d4 d5 2. c4 c6 3. Nf3 Nf6 4. Nc3 dxc4 5. a4 e6 6. e3 c5 7. Bxc4 cxd4 8. exd4
Be7 9. O-O O-O 10. Qe2 Nc6 11. Be3 Nb4 12. Rad1 Bd7 13. Ne5 Nbd5 14. Bc1 Nxc3
15. bxc3 Bxa4 16. Rd3 Bc6 17. Re3 Rc8 18. Bd3 Qd5 19. Rg3 Rfd8 20. Bh6 g6 21. h4
Be8 22. Bd2 Nd7 23. Nf3 Nb6 24. Rb1 Rc7 25. Ng5 Rdc8 26. h5 Rxc3 27. hxg6 hxg6
28. Bxc3 Rxc3 29. Ne4 Rc8 30. Nc5 Bxc5 31. dxc5 Rxc5 32. Be4 Qe5 33. Re1 Nd5 34.
Qd2 Qf4 35. Qxf4 Nxf4 36. Bxb7 a5 37. Ra3 a4 38. Bf3 Kf8 39. Rb1 Nd5 40. Rb7 Nc3
41. Rb2 Nd5 42. Rb7 Kg7 43. Bxd5 Rxd5 44. Rc3 Rd8 1/2-1/2

[Event "21st Delhi Open 2025"]
[Site "New Delhi IND"]
[Date "2025.06.12"]
[Round "8.3"]
[White "Nikitenko, Mihail"]
[Black "Paichadze, Luka"]
[Result "1-0"]
[WhiteTitle "GM"]
[BlackTitle "GM"]
[WhiteElo "2520"]
[BlackElo "2529"]
[WhiteFideId "13506862"]
[BlackFideId "13602934"]
[EventDate "2025.06.07"]

1. d4 Nf6 2. c4 e6 3. g3 Bb4+ 4. Bd2 Be7 5. Bg2 d5 6. Nf3 O-O 7. O-O c6 8. Qc2
Nbd7 9. Bf4 Nh5 10. Bc1 Nhf6 11. Bf4 Nh5 12. Bc1 Nhf6 13. Rd1 b5 14. c5 Ne4 15.
Ne1 f5 16. Nd3 Bf6 17. e3 e5 18. a4 exd4 19. axb5 cxb5 20. Nf4 Ndxc5 21. f3 d3
22. Nxd3 Nxd3 23. Qxd3 Nd6 24. Qxd5+ Nf7 25. Nc3 Bxc3 26. Qxd8 Rxd8 27. Rxd8+
Nxd8 28. bxc3 Bb7 29. Kf2 a6 30. Bh3 g6 31. g4 Rc8 32. gxf5 Rxc3 33. fxg6 hxg6
34. Kg3 Kh7 35. Bd2 Rd3 36. Ba5 Nc6 37. Bb6 Ne5 38. Rc1 Nc4 39. Bd4 Bd5 40. Kf4
Kh6 41. Rg1 a5 42. Rg5 Bxf3 43. Rxb5 Be2 44. Rb8 g5+ 45. Ke4 g4 46. Bxg4 Nd2+
47. Kf4 Bxg4 48. Kxg4 Nf1 49. Rb6+ Kh7 50. Kg5 Nxe3 51. Rb7+ Kg8 52. Kg6 Kf8 53.
Bc5+ Ke8 54. Re7+ Kd8 55. Rxe3 1-0

[Event "21st Delhi Open 2025"]
[Site "New Delhi IND"]
[Date "2025.06.12"]
[Round "8.5"]
[White "Ghosh, Diptayan"]
[Black "Savchenko, Boris"]
[Result "1-0"]
[WhiteTitle "GM"]
[BlackTitle "GM"]
[WhiteElo "2573"]
[BlackElo "2456"]
[WhiteFideId "5045207"]
[BlackFideId "4147332"]
[EventDate "2025.06.07"]

1. e4 g6 2. d4 Bg7 3. Nf3 d6 4. Bc4 Nc6 5. h3 e6 6. Nc3 Nge7 7. Be3 O-O 8. Qd2
f5 9. exf5 Nxf5 10. O-O Nxe3 11. fxe3 Bd7 12. a3 Qe7 13. Ba2 Kh8 14. Rae1 a6 15.
Ne4 b5 16. b4 a5 17. c3 axb4 18. axb4 Rf5 19. Bb1 Raf8 20. Bd3 Qe8 21. Neg5 R5f6
22. Ne4 Rf5 23. Qe2 Ne7 24. Nf2 R5f7 25. e4 c5 26. bxc5 dxc5 27. Ng4 cxd4 28.
cxd4 Nc6 29. e5 Nb4 30. Be4 Bc6 31. Ng5 Rxf1+ 32. Rxf1 Rxf1+ 33. Qxf1 Bxe4 34.
Nxe4 Qd7 35. Nd6 Nd5 36. Qxb5 Qxb5 37. Nxb5 h5 38. Nf2 Bh6 39. Ne4 Kg7 40. Kf2
Kf7 41. Kf3 Ke7 42. Nbc3 Nb4 43. Nc5 Bd2 44. Ne2 Nd5 45. Ke4 Bh6 46. Kf3 Bd2 47.
Ne4 Bh6 48. N2c3 Nb4 49. Ng3 Nc2 50. Nge2 Ne1+ 51. Kg3 Nc2 52. Kf3 Ne1+ 53. Kf2
Nc2 54. Nd1 Bd2 55. g3 h4 56. g4 Nb4 57. Kf3 Nd5 58. Nf2 Nb4 59. Ne4 Bc1 1-0

[Event "21st Delhi Open 2025"]
[Site "New Delhi IND"]
[Date "2025.06.12"]
[Round "8.6"]
[White "Samant, Aditya S"]
[Black "Saravana, Krishnan P."]
[Result "1-0"]
[WhiteTitle "GM"]
[BlackTitle "IM"]
[WhiteElo "2498"]
[BlackElo "2272"]
[WhiteFideId "35080580"]
[BlackFideId "5018382"]
[EventDate "2025.06.07"]

1. e4 e5 2. Nf3 Nc6 3. Bb5 a6 4. Ba4 f5 5. d4 exd4 6. e5 b5 7. Bb3 Na5 8. Bd5 c6
9. Bxg8 Rxg8 10. O-O c5 11. c3 Qb6 12. cxd4 cxd4 13. Nxd4 Qg6 14. Nc3 Bb7 15. f3
Bc5 16. Kh1 d6 17. exd6 Kd7 18. Bf4 Qf6 19. Nb3 Nxb3 20. Qxb3 Rge8 21. Rac1 Rac8
22. Nd5 Qe6 23. Rxc5 Rxc5 24. Nb6+ Kc6 25. d7 Qe1 26. Qd1 Qe7 1-0

[Event "21st Delhi Open 2025"]
[Site "New Delhi IND"]
[Date "2025.06.12"]
[Round "8.7"]
[White "Gharibyan, Mamikon"]
[Black "Abhishek, Kelkar"]
[Result "1-0"]
[WhiteTitle "GM"]
[BlackTitle "IM"]
[WhiteElo "2472"]
[BlackElo "2170"]
[WhiteFideId "13308300"]
[BlackFideId "5019257"]
[EventDate "2025.06.07"]

1. e4 c6 2. d4 d5 3. e5 Bf5 4. h4 Qb6 5. c4 dxc4 6. Nc3 Be6 7. Nf3 Bd5 8. b3 e6
9. Nxd5 cxd5 10. bxc4 dxc4 11. Bxc4 Bb4+ 12. Bd2 Ne7 13. O-O Bxd2 14. Qxd2 Nbc6
15. Rab1 Qc7 16. Ng5 h6 17. Ne4 Nf5 18. d5 Rd8 19. d6 Qa5 20. Qxa5 Nxa5 21. Bb5+
Kf8 22. h5 f6 23. f4 Ne3 24. Rf3 Nd5 25. Nc5 Kf7 26. f5 1-0

[Event "21st Delhi Open 2025"]
[Site "New Delhi IND"]
[Date "2025.06.12"]
[Round "8.8"]
[White "Manik, Mikulas"]
[Black "Sriram Adarsh Uppala"]
[Result "1/2-1/2"]
[WhiteTitle "GM"]
[WhiteElo "2266"]
[BlackElo "2460"]
[WhiteFideId "14900734"]
[BlackFideId "33319782"]
[EventDate "2025.06.07"]

1. e4 c5 2. Nf3 Nc6 3. Bb5 Nf6 4. Bxc6 dxc6 5. d3 Qc7 6. h3 e5 7. a4 h6 8. Nbd2
Be6 9. b3 g5 10. Bb2 Nd7 11. Nc4 f6 12. Qe2 Rg8 13. Nfd2 Be7 14. Ne3 O-O-O 15.
Nf5 Bxf5 16. exf5 Nb6 17. a5 Nd5 18. Nc4 Qd7 19. Qe4 h5 20. g3 Kb8 21. O-O-O Qc7
22. c3 b5 23. axb6 axb6 24. Kc2 Kb7 25. Ra1 Ra8 26. Rxa8 Rxa8 27. Ra1 Rxa1 28.
Bxa1 Qd7 29. Bb2 Bd8 30. Qf3 Bc7 1/2-1/2

[Event "21st Delhi Open 2025"]
[Site "New Delhi IND"]
[Date "2025.06.12"]
[Round "8.9"]
[White "Sharnarthi Viresh"]
[Black "Hari, Madhavan N B"]
[Result "1-0"]
[BlackTitle "IM"]
[WhiteElo "2236"]
[BlackElo "2386"]
[WhiteFideId "25978055"]
[BlackFideId "25054309"]
[EventDate "2025.06.07"]

1. d4 d5 2. Nf3 Nf6 3. g3 Bf5 4. Bg2 e6 5. c4 c6 6. O-O h6 7. Nc3 Be7 8. Nd2 O-O
9. Qb3 Qb6 10. c5 Qxb3 11. Nxb3 b6 12. Bf4 Nbd7 13. cxb6 axb6 14. h3 g5 15. Be3
b5 16. g4 Bg6 17. f4 b4 18. Nb1 gxf4 19. Bxf4 h5 20. Bf3 hxg4 21. hxg4 Ra6 22.
a4 bxa3 23. bxa3 c5 24. dxc5 Nxc5 25. N1d2 Nxb3 26. Nxb3 Rfa8 27. Rfc1 Bxa3 28.
Rc7 Ne8 29. Rc3 Nd6 30. Rxa3 Rxa3 31. Bxd6 R3a6 32. Be5 Rf8 33. Rc7 Ra4 34. Nc5
Rc4 35. g5 Re8 36. Kf2 Rc2 37. Kg3 Rc1 38. e3 Rc2 39. Bd1 Rc1 40. Ba4 Rd8 1-0

[Event "21st Delhi Open 2025"]
[Site "New Delhi IND"]
[Date "2025.06.12"]
[Round "8.10"]
[White "Advik Amit Agrawal"]
[Black "Aleksandrov, Aleksej"]
[Result "0-1"]
[BlackTitle "GM"]
[WhiteElo "2218"]
[BlackElo "2370"]
[WhiteFideId "48753629"]
[BlackFideId "13500139"]
[EventDate "2025.06.07"]

1. e4 e5 2. Nf3 Nc6 3. Nc3 Nf6 4. d4 exd4 5. Nxd4 Bb4 6. Nxc6 bxc6 7. Bd3 d5 8.
exd5 cxd5 9. O-O O-O 10. Bg5 c6 11. Qf3 Rb8 12. h3 a5 13. Ne2 Bd6 14. Nd4 Bd7
15. Nf5 Be5 16. Rae1 Re8 17. Re2 Bxb2 18. Rxe8+ Qxe8 19. Bf4 Bxf5 20. Bxf5 Ra8
21. Rd1 a4 22. g4 g6 23. Bd3 Qe6 24. g5 Ne4 25. Kg2 Nc3 26. Rh1 Nxa2 27. Bd2 a3
28. Re1 Qd6 29. c3 Nxc3 30. Bxc3 Bxc3 31. Bxg6 hxg6 32. Qxc3 d4 33. Qb3 a2 34.
Ra1 d3 35. Qb7 Ra5 36. Qb6 Rxg5+ 37. Kf1 0-1

[Event "21st Delhi Open 2025"]
[Site "New Delhi IND"]
[Date "2025.06.12"]
[Round "8.11"]
[White "Ahaz E U"]
[Black "Nguyen Van Huy"]
[Result "0-1"]
[BlackTitle "GM"]
[WhiteElo "2178"]
[BlackElo "2337"]
[WhiteFideId "33452911"]
[BlackFideId "12401064"]
[EventDate "2025.06.07"]

1. d4 Nf6 2. c4 e6 3. Nf3 d5 4. Nc3 Bb4 5. Qa4+ Nc6 6. e3 O-O 7. Qc2 a5 8. Bd2
Ne7 9. Bd3 b6 10. O-O dxc4 11. Bxc4 Bb7 12. a3 Bxc3 13. Bxc3 Ng6 14. Qe2 Ne4 15.
Rfc1 Qe7 16. Be1 Rfc8 17. b4 axb4 18. axb4 Nd6 19. Bd3 Rxa1 20. Rxa1 Be4 21.
Bxe4 Nxe4 22. b5 h6 23. g3 Qd7 24. h4 Qd5 25. Rc1 Nd6 26. Rb1 Ra8 27. Bc3 Ra2
28. Nd2 Ne4 29. Qd3 Nxd2 30. Bxd2 Ne5 0-1

[Event "21st Delhi Open 2025"]
[Site "New Delhi IND"]
[Date "2025.06.12"]
[Round "8.12"]
[White "Tologon tegin, Semetei"]
[Black "Arnav, Agrawal"]
[Result "1/2-1/2"]
[WhiteTitle "IM"]
[WhiteElo "2322"]
[BlackElo "2096"]
[WhiteFideId "13800574"]
[BlackFideId "48779857"]
[EventDate "2025.06.07"]

1. d4 Nf6 2. Nf3 g6 3. Nbd2 d5 4. e3 Bg7 5. b4 a5 6. b5 O-O 7. Be2 c5 8. bxc6
Nxc6 9. O-O Bf5 10. c4 Rb8 11. Ba3 Re8 12. Rc1 e6 13. Nh4 Nb4 14. Nxf5 gxf5 15.
Bxb4 axb4 16. Qb3 Bf8 17. c5 Qa5 18. Rc2 b6 19. c6 Rec8 20. Rfc1 Ne8 21. g4 fxg4
22. Bxg4 Nf6 23. Be2 Bd6 24. Kh1 Kh8 25. Qd3 b5 26. e4 dxe4 27. Nxe4 Qd8 28. c7
Rxc7 29. Nxd6 Rxc2 30. Nxf7+ Kg7 31. Rxc2 Kxf7 32. Rc5 Qd6 33. Qe3 Rd8 34. Bh5+
Nxh5 35. Rxh5 Qxd4 36. Qf3+ Kg6 37. Rxb5 Qd1+ 38. Kg2 Qxf3+ 39. Kxf3 Rd2 40.
Rxb4 Rxa2 41. Rg4+ Kf5 42. Rg7 h6 43. h4 Ra3+ 44. Kg2 Ra4 45. Kg3 Ra3+ 46. f3
Ra1 47. Rf7+ Kg6 48. Rf8 e5 49. Rg8+ Kf5 50. Rb8 Rg1+ 51. Kf2 Rh1 52. Rb4 Ra1
53. Rb6 Ra2+ 54. Kg3 Ra3 55. Rb5 Ra2 56. Rb8 Ra3 57. Rf8+ Kg6 58. Kg4 Ra4+ 59.
Kg3 Ra3 60. Re8 Kf5 61. Re7 Rb3 62. Kg2 Rb2+ 63. Kh3 Rb3 64. Kg3 Ra3 65. Re8 Rb3
66. Rf8+ Kg6 67. Kf2 Rb4 68. Kg3 Rb3 69. Rg8+ Kf5 70. Rg4 Re3 71. Kf2 Ra3 72.
Rb4 Ra2+ 73. Kg3 Ra3 1/2-1/2

[Event "21st Delhi Open 2025"]
[Site "New Delhi IND"]
[Date "2025.06.12"]
[Round "8.13"]
[White "Nitin, S."]
[Black "Soham Roy"]
[Result "1-0"]
[WhiteTitle "IM"]
[WhiteElo "2312"]
[BlackElo "2034"]
[WhiteFideId "5018277"]
[BlackFideId "25183206"]
[EventDate "2025.06.07"]

1. d4 Nf6 2. g3 g6 3. Bg2 Bg7 4. e4 d6 5. Ne2 O-O 6. O-O c5 7. c3 e5 8. d5 b5 9.
a4 b4 10. a5 Ba6 11. cxb4 Nbd7 12. bxc5 dxc5 13. Nbc3 Ne8 14. d6 Rc8 15. Qa4
Nxd6 16. Rd1 Nb8 17. Be3 Qe7 18. Rac1 Qe6 19. Rd5 Nb7 20. Nb5 Nc6 21. Bxc5 Nxc5
22. Rdxc5 Bxb5 23. Qxb5 Nd4 24. Nxd4 exd4 25. Rxc8 Rxc8 26. Rxc8+ Qxc8 27. Bf1
Bf8 28. Bc4 Qc5 29. Qb3 Qxa5 30. Bxf7+ Kg7 31. Bd5 Qb4 32. Qf3 Qe7 33. Kg2 a5
34. b3 Qf6 35. Qd3 g5 36. h3 h5 37. Qe2 h4 38. e5 Qf5 39. Bc4 hxg3 40. fxg3 Kh6
41. Bd3 Qf7 42. Qe4 Bb4 43. e6 Qg7 44. Qf5 Bd6 45. g4 Bb4 46. h4 Be7 47. hxg5+
Bxg5 48. e7 1-0

[Event "21st Delhi Open 2025"]
[Site "New Delhi IND"]
[Date "2025.06.12"]
[Round "8.14"]
[White "Alok, Sinha"]
[Black "Karthik, Venkataraman"]
[Result "0-1"]
[BlackTitle "GM"]
[WhiteElo "2207"]
[BlackElo "2550"]
[WhiteFideId "25072765"]
[BlackFideId "25006479"]
[EventDate "2025.06.07"]

1. e4 c5 2. Nf3 e6 3. d4 cxd4 4. Nxd4 a6 5. Nc3 Qc7 6. Be2 Nf6 7. O-O Be7 8. f4
d6 9. Bf3 O-O 10. a4 Nc6 11. Be3 Na5 12. Kh1 Nc4 13. Bc1 e5 14. Nde2 exf4 15.
Nxf4 Be6 16. b3 Ne5 17. Bb2 Rac8 18. Rc1 Rfe8 19. Ncd5 Nxd5 20. Nxe6 fxe6 21.
exd5 Bg5 22. Rb1 Nxf3 23. Qxf3 e5 24. c4 Qe7 25. Qe4 Rf8 26. Kg1 Qc7 27. Ba3 Bd2
28. Qd3 Bg5 29. Rf5 Bf6 30. Kh1 Rfe8 31. Re1 b5 32. cxb5 axb5 33. Qxb5 e4 34.
Qe2 Qc3 35. Rf4 e3 36. Rc4 Rxc4 0-1

[Event "21st Delhi Open 2025"]
[Site "New Delhi IND"]
[Date "2025.06.12"]
[Round "8.15"]
[White "Deepan, Chakkravarthy J."]
[Black "Harshit, Ranjan Sahu"]
[Result "1-0"]
[WhiteTitle "GM"]
[BlackTitle "CM"]
[WhiteElo "2410"]
[BlackElo "2191"]
[WhiteFideId "5011132"]
[BlackFideId "25638815"]
[EventDate "2025.06.07"]

1. d4 Nf6 2. Nf3 g6 3. Bg5 Bg7 4. Nbd2 O-O 5. c3 d6 6. e4 Qe8 7. Bc4 Nc6 8. O-O
e5 9. Re1 h6 10. Bh4 exd4 11. cxd4 Nh5 12. e5 dxe5 13. Nxe5 Nxe5 14. dxe5 Qc6
15. Rc1 Qb6 16. Be7 Re8 17. Bc5 Qc6 18. Be3 Qd7 19. f4 c6 20. Ne4 Qxd1 21. Rcxd1
Bg4 22. Nd6 Re7 23. Rd4 Bf8 24. h3 Be6 25. Bxe6 fxe6 26. g4 Ng7 27. Red1 Ne8 28.
Nxe8 Raxe8 29. Kg2 a6 30. Kf3 Rf7 31. Rd8 Rxd8 32. Rxd8 Kg7 33. Ke4 Bb4 34. a3
Bf8 35. b4 Rc7 36. Bb6 Rf7 37. Bc5 Bxc5 38. bxc5 Re7 39. Rd6 Kh7 40. h4 Kg7 41.
h5 gxh5 42. gxh5 Kh7 43. f5 exf5+ 44. Kxf5 Rg7 45. e6 Rg5+ 1-0

[Event "21st Delhi Open 2025"]
[Site "New Delhi IND"]
[Date "2025.06.12"]
[Round "8.16"]
[White "Alekhya, Mukhopadhyay"]
[Black "Harsh, Suresh"]
[Result "0-1"]
[BlackTitle "IM"]
[WhiteElo "2192"]
[BlackElo "2392"]
[WhiteFideId "25600826"]
[BlackFideId "45018464"]
[EventDate "2025.06.07"]

1. e4 e5 2. Nf3 Nc6 3. Bb5 a6 4. Ba4 Nf6 5. O-O d6 6. d4 b5 7. dxe5 dxe5 8.
Qxd8+ Nxd8 9. Bb3 Bd6 10. Bg5 Ne6 11. Bxf6 gxf6 12. Nc3 c6 13. Rad1 Bc7 14. Ne2
Nc5 15. Nd2 f5 16. Ng3 f4 17. Nf5 a5 18. a3 a4 19. Ba2 Nxe4 20. Nxe4 Bxf5 21.
Nd6+ Bxd6 22. Rxd6 Ke7 23. Rxc6 Rhc8 24. Bd5 Rxc6 25. Bxc6 Rb8 26. Re1 Ke6 27.
Be4 Rd8 28. Bxf5+ Kxf5 29. Kf1 Rd2 30. Re2 Rd1+ 31. Re1 Rd2 32. Re2 Rd1+ 33. Re1
Rxe1+ 34. Kxe1 Ke4 35. Ke2 h5 36. f3+ Kd4 37. h4 Kc4 38. Kd2 f5 39. Ke2 Kd4 40.
Kd2 Kc4 41. Ke2 e4 42. Kd2 Kd4 43. Ke2 Kc4 44. Kd2 b4 45. axb4 Kxb4 46. Ke2 a3
47. bxa3+ Kxa3 48. Kd2 Kb4 49. Ke2 Kc3 50. Kd1 e3 0-1

[Event "21st Delhi Open 2025"]
[Site "New Delhi IND"]
[Date "2025.06.13"]
[Round "9.1"]
[White "Gupta, Abhijeet"]
[Black "Nikitenko, Mihail"]
[Result "1-0"]
[WhiteTitle "GM"]
[BlackTitle "GM"]
[WhiteElo "2538"]
[BlackElo "2520"]
[WhiteFideId "5010608"]
[BlackFideId "13506862"]
[EventDate "2025.06.07"]

1. d4 g6 2. e4 Bg7 3. Nc3 d6 4. Be3 a6 5. h4 h5 6. Nh3 Nf6 7. f3 Bxh3 8. Rxh3
Nc6 9. Qd2 e5 10. d5 Nd4 11. O-O-O c6 12. Kb1 O-O 13. g4 hxg4 14. fxg4 Nxg4 15.
Bg5 f6 16. dxc6 bxc6 17. Bc4+ Kh7 18. Qg2 Nh6 19. Rg1 Ng8 20. Be3 Ne7 21. h5 g5
22. h6 Bh8 23. Bxd4 exd4 24. Ne2 Qb6 25. Nf4 Rfb8 26. Bb3 Qa7 27. Qg4 Rf8 28.
Ne6 Rg8 29. Ng7 Rgf8 30. Nf5 Ng6 31. Nxd4 Rae8 32. Ne6 Rg8 33. Rhh1 Qb7 34. Qf5
Rxe6 35. Qxe6 Rd8 36. Qf5 Qe7 37. a4 Re8 38. Rxg5 fxg5 39. Bf7 Qf6 40. Bxg6+
Qxg6 41. Qd7+ Kg8 42. h7+ Kf8 43. Rf1+ Qf6 44. Qxd6+ Kf7 45. Qd7+ Re7 46. Rxf6+
Bxf6 47. Qf5 Re8 48. h8=Q Rxh8 1-0

[Event "21st Delhi Open 2025"]
[Site "New Delhi IND"]
[Date "2025.06.13"]
[Round "9.2"]
[White "Gharibyan, Mamikon"]
[Black "Narayanan, S.L."]
[Result "1/2-1/2"]
[WhiteTitle "GM"]
[BlackTitle "GM"]
[WhiteElo "2472"]
[BlackElo "2600"]
[WhiteFideId "13308300"]
[BlackFideId "5058422"]
[EventDate "2025.06.07"]

1. e4 c5 2. Nf3 d6 3. Bb5+ Nd7 4. d4 cxd4 5. Qxd4 a6 6. Be2 Ngf6 7. Nc3 e5 8.
Qe3 b5 9. b4 d5 10. Nxd5 Nxd5 11. exd5 Bxb4+ 12. Bd2 Bc5 13. Qg5 O-O 14. Qxd8
Rxd8 15. Ba5 Bb6 16. Bxb6 Nxb6 17. Nxe5 Re8 18. Nd3 Bb7 19. Kd1 Bxd5 20. Nf4 Bc6
21. Bd3 Rad8 22. f3 Rd4 23. Ne2 Rd6 24. Re1 g6 25. a3 Nc4 26. Nf4 Rc8 27. Kc1
Nb6 28. Kd2 Rd4 29. Ne2 Rh4 30. h3 Rd8 31. Ke3 Rh5 32. Red1 Rc5 33. Kf2 Na4 34.
Rab1 Rcd5 35. Rb4 R5d6 36. Ke3 Bd7 37. Rd4 Rxd4 38. Nxd4 Nc3 39. Ra1 Nd5+ 40.
Kf2 Nf4 41. Ne2 Ne6 42. a4 bxa4 43. Bxa6 Nc5 44. Bd3 Kf8 45. Ke3 Ke7 46. h4 Kd6
47. Nc3 Re8+ 48. Kd2 Bc6 49. Nb5+ Ke5 50. Re1+ Kf4 51. Rxe8 Bxe8 52. Nd6 Bd7 53.
Nxf7 a3 54. Bc4 Bb5 55. Ba2 Bf1 56. Ng5 h6 57. Nf7 Bxg2 58. Nxh6 Bxf3 59. Kc3 1/2-1/2

[Event "21st Delhi Open 2025"]
[Site "New Delhi IND"]
[Date "2025.06.13"]
[Round "9.3"]
[White "Nguyen Van Huy"]
[Black "Ghosh, Diptayan"]
[Result "1/2-1/2"]
[WhiteTitle "GM"]
[BlackTitle "GM"]
[WhiteElo "2337"]
[BlackElo "2573"]
[WhiteFideId "12401064"]
[BlackFideId "5045207"]
[EventDate "2025.06.07"]

1. d4 Nf6 2. Nf3 d5 3. c4 e6 4. g3 Bb4+ 5. Bd2 Be7 6. Bg2 O-O 7. O-O Nbd7 8. Qb3
c6 9. Rc1 a5 10. a4 Ne4 11. Be1 f5 12. Nc3 Kh8 13. e3 Bd6 14. Ne2 Qe7 15. Nf4 b6
16. cxd5 cxd5 17. Nd3 Ba6 18. Bf1 Rfc8 19. Rxc8+ Rxc8 20. Rc1 Qe8 21. Qd1 Kg8
22. Rxc8 Qxc8 23. Qc1 Qxc1 24. Nxc1 Bxf1 25. Kxf1 g5 26. Nd3 g4 27. Nd2 Nxd2+
28. Bxd2 Kf7 29. Ke2 Ke7 30. b3 h5 1/2-1/2